Statistiques concernant Pokémon - Génération IV dans l'ordre du Pokedex National

Cliquez ici pour prendre le quiz!

Statistiques générales

  • Ce quiz a été pris 19 fois
  • Le résultat moyen est 84 sur 107

Statistiques - réponses

NuméroPokémon% Correct
388Boskara
100%
391Chimpenfeu
100%
390Ouisticram
100%
392Simiabraz
100%
389Torterra
100%
387Tortipouss
100%
416Apireine
88%
415Apitrini
88%
437Archéodong
88%
436Archéomire
88%
411Bastiodon
88%
425Baudrive
88%
424Capidextre
88%
400Castorno
88%
420Ceribou
88%
421Ceriflor
88%
432Chaffreux
88%
431Chaglam
88%
409Charkos
88%
413Cheniselle
88%
412Cheniti
88%
430Corboss
88%
401Crikzik
88%
410Dinoclier
88%
398Etouraptor
88%
396Etourmi
88%
397Etourvol
88%
426Grodrive
88%
399Keunotor
88%
408Kranidos
88%
403Lixy
88%
404Luxio
88%
405Luxray
88%
438Manzai
88%
402Melokrik
88%
439Mime Jr.
88%
435Moufflair
88%
434Moufouette
88%
418Mustébouée
88%
419Mustéflott
88%
417Pachirisu
88%
414Papilord
88%
395Pingoléon
88%
394Prinplouf
88%
407Roserade
88%
406Rozbouton
88%
422Sancoki
88%
393Tiplouf
88%
423Tritosor
88%
493Arceus
75%
465Bouldeneu
75%
454Coatox
75%
463Coudlangue
75%
453Cradopaud
75%
482Créfadet
75%
481Créfollet
75%
480Créhelf
75%
488Cresselia
75%
491Darkrai
75%
483Dialga
75%
461Dimoret
75%
466Elekable
75%
487Giratina
75%
485Heatran
75%
450Hippodocus
75%
449Hippopotas
75%
433Korillon
75%
427Laporeille
75%
428Lockpin
75%
448Lucario
75%
429Magirêve
75%
473Mammochon
75%
490Manaphy
75%
479Motisma
75%
477Noctunoir
75%
484Palkia
75%
489Phione
75%
486Regigigas
75%
464Rhinastoc
75%
447Riolu
75%
492Shaymin
75%
455Vortente
75%
469Yanmega
75%
458Babimanta
63%
460Blizzaroi
63%
459Blizzi
63%
445Carchacrok
63%
444Carmache
63%
452Drascore
63%
456Ecayon
63%
475Gallame
63%
471Givrali
63%
446Goinfrex
63%
443Griknot
63%
457Luminéon
63%
467Maganon
63%
462Magnézone
63%
478Momartik
63%
470Phyllali
63%
441Pijako
63%
474Porygon-Z
63%
440Ptiravi
63%
451Rapion
63%
472Scorvol
63%
442Spiritomb
63%
476Tarinorme
63%
468Togekiss
63%

Distribution des résultats

Percentile par nombre de réponses

% des personnes avec chaque résultat

Votre développement - résultats

Vous n’avez pas pris ce quiz